000 00934nam a2200253Ia 4500
003 OSt
005 20220916110925.0
006 a|||||r|||| 00| 0
007 ta
008 220915b |||||||| |||| 00| 0 hin d
024 _a273234
037 _cTextbook
040 _bhin
_aARTS
_cARTS
041 _ahin
082 _aQ22:31, 152N8
100 _aद्विवेदी, शिवप्रसाद, संपा.
245 0 _aविष्णु सहस्त्रनामस्तोत्र
246 _aViṣhṇu sahastranāmastotra
260 _aअयोध्या
_bतत्वमुक्त कलाप संघ भारत
_c1998
300 _a312पृ0
_ccm.
650 _aधर्मशास्त्र; हिन्दू धर्म
942 _hQ22:31, 152N8
_cTB
_2CC
999 _c101518
_d101518